000 00285nam a2200121Ia 4500
008 220204s9999 xx 000 0 und d
082 _a338.26
_bFIL
100 _aFILDERS, R
245 0 _aForecasting and planning
260 _aEngland
_bSaxon
_c1978
700 _aWOOD, D
942 _cBK
999 _c36008
_d36008